Statistics for Artists of Famous Paintings

Click here to take the quiz!

General Stats

  • This quiz has been taken 102 times
  • The average score is 21 of 51

Answer Stats

HintAnswer% Correct
Mona Lisada Vinci
99%
The Starry Nightvan Gogh
97%
The Last Supperda Vinci
95%
GuernicaPicasso
88%
Water LilliesMonet
83%
The Birth of VenusBotticelli
82%
Cafe Terrace at Nightvan Gogh
82%
The Night WatchRembrandt
81%
Impression, SunriseMonet
79%
The Persistence of MemoryDali
78%
Girl With a Pearl EarringVermeer
78%
Les Demoiselles d’AvignonPicasso
77%
The KissKlimt
75%
Lady with an Ermineda Vinci
73%
The Night Cafevan Gogh
66%
Le Dejuener sur I'herbeManet
57%
The Return of the Prodigal SonRembrandt
53%
The Garden of Earthly DelightsBosch
51%
A Bar at the Folies-BergereManet
51%
The School of AthensRaphael
51%
The Storm on the Sea of GalileeRembrandt
51%
NighthawksHopper
47%
American GothicWood
45%
Liberty Leading the PeopleDelacroix
44%
Las MeninasVelázquez
44%
Bal du moulin de la GaletteRenoir
42%
A Sunday Afternoon on the Island of La Grande JatteSeurat
39%
Luncheon of the Boating PartyRenoir
34%
La Maja DesnudaGoya
30%
Wanderer Above the Sea of FogFriedrich
23%
Composition 8Kandinsky
23%
Napoleon Crossing the AlpsDavid
22%
The Great Wave off KanagawaHokusai
22%
The Raft of the Medusa
Gericault
18%
Nude Descending on a StaircaseDuchamp
17%
The Sleeping GypsyRousseau
16%
The Son of ManMagritte
14%
Arnolfi PortraitEyck
13%
Whistler's MotherWhistlers
12%
Grande OdalisqueIngres
10%
The GleanersMillet
10%
Paris Street; Rainy DayCaillebotte
6%
The SwingFragonard
5%
Breezing Up (A Fair Wind)Homer
5%
The Lady of ShallotWaterhouse
5%
The Battle of Alexander at IssusAltdorfer
4%
Opening of the Fifth SealGreco
3%
The Avenue in the RainHassam
1%
The Hireling ShepardHunt
1%
Flaming JuneLeighton
1%
The HarvestersPieter Bruegel the Elder
0%

Score Distribution

Percentile by Number Answered

Percent of People with Each Score

Your Score History

You have not taken this quiz